Countries Bordering Unknown Country #16 - Statistics

General Stats
  • This quiz has been taken 997 times
  • The average score is 7 of 7
Answer Stats
Bordering Country Answer % Correct
U Uzbekistan
99%
I Iran
98%
P Pakistan
98%
T Turkmenistan
98%
T Tajikistan
97%
C China
96%
Afghanistan
93%
No matching quizzes found
Score Distribution
Percent of People with Each Score
Percentile by Number Answered
Your Score History
You have not taken this quiz